rajout opalisé +1 - Statistiques

Statistiques générales
  • Ce quiz a été pris 12 fois
  • Le résultat moyen est 4 sur 8
Statistiques - réponses
lettre à rajouter opalisé + 1 % Correct
S opalisés
80%
N opalines
60%
R opaliser
60%
R polariser
60%
E opalisée
40%
D poilades
40%
R polaires
40%
C apicoles
20%
Aucun quiz correspondant
Distribution des résultats
% des personnes avec chaque résultat
Percentile par nombre de réponses
Votre historique - résultats
Vous n’avez pas pris ce quiz